000 00871nam a2200229Ii 4500
003 JO-AjNU
008 230605s9999||||xx |||||||||||||| ||und||
017 _a2014/2324
020 _a978-977-473-082-5
040 _aJO-AjNU
_bara
_erda
_cJO-AjNU
041 _aara
050 1 4 _aHC498. M7774 2014
100 3 _aالمنظمة العربية للتنمية الإدارية، القاهرة,
_eauthor
_951969
245 0 0 _aاشكالية التنمية في الوطن العربي قي ظل المتغيرات العالمية
264 3 1 _aالقاهرة: المنظمة العربية للتنمية الادارية، 2014
300 _a429ص
336 _atext
_btxt
_2rdacontent
337 _aunmediated
_bn
_2rdamedia
338 _avolume
_bnc
_2rdacarrier
490 0 _aاعمال مؤتمرات
650 4 _aالوطن العربي - التنمية
_951970
999 _aA22993
_c26561
_d26561